01583nam a2200361Ia 4500001001200000003000800012006001900020007001500039008004100054010001700095020001800112020003100130040002100161035002100182050002600203082002200229245017100251260004800422300003200470490003800502504005100540533015200591650006200743650006200805655002900867700003900896700003300935700005400968710001701022830003901039856012601078999001701204ebr10313225CaPaEBRm u cr cn|||||||||090306s2009 dcuab sb 001 0 eng d z 2009009701 z9780821376270 z9780821379622 (electronic) aCaPaEBRcCaPaEBR a(OCoLC)43095637014aHD1333.5b.A37 2009eb04a333.3/109172422200aAgricultural land redistributionh[electronic resource] :btoward greater consensus /cedited by Hans P. Binswanger-Mkhize, Camille Bourguignon, Rogier van den Brink. aWashington, D.C. :bThe World Bank,cc2009. axxii, 466 p. :bill., maps.1 aAgriculture and rural development aIncludes bibliographical references and index. aElectronic reproduction.bPalo Alto, Calif. :cebrary,d2013.nAvailable via World Wide Web.nAccess may be limited to ebrary affiliated libraries. 0aLand reformzDeveloping countriesxHistoryy20th century. 0aAgriculturezDeveloping countriesxHistoryy20th century. 7aElectronic books.2local1 aBinswanger-Mkhize, Hans P.,d1943-1 aBourguignon, Camille,d1979-1 aBrink, Rogerius Johannes Eugenius van den,d1958-2 aebrary, Inc. 0aAgriculture and rural development.40uhttp://site.ebrary.com/lib/rucke/Doc?id=10313225zAn electronic book accessible through the World Wide Web; click to view c62790d62790